书目信息 |
| 题名: |
阿里史话
|
|
| 作者: | 古格·次仁加布 编著 | |
| 分册: | ||
| 出版信息: | 拉萨 西藏人民出版社 2003.03 |
|
| 页数: | 176页, [4] 页图版 | |
| 开本: | 19cm | |
| 丛书名: | 西藏文化旅游丛书 | |
| 单 册: | ||
| 中图分类: | K297.52 | |
| 科图分类: | ||
| 主题词: | 阿里地区--地方史--史料 | |
| 电子资源: | ||
| ISBN: | 7-223-01492-X | |
| 000 | 00832nam 2200241 450 | |
| 001 | 010240343155 | |
| 005 | 20051007180322.09 | |
| 010 | @a7-223-01492-X@dCNY11.00 | |
| 100 | @a20051006d2003 km y0chiy0120 ea | |
| 101 | 0 | @achi |
| 102 | @aCN@b540000 | |
| 105 | @aaf z 000yy | |
| 200 | 1 | @a阿里史话@Aa li shi hua@f古格·次仁加布编著@Fgu ge·ci ren jia bu bian zhu |
| 210 | @a拉萨@c西藏人民出版社@d2003.03 | |
| 215 | @a176页, [4] 页图版@c彩图@d19cm | |
| 225 | 2 | @a西藏文化旅游丛书 |
| 330 | @a本书收入的文章有《阿里史话》、《浅析拉喇嘛益西维在噶罗被害真伪》、《雪山明珠普日寺》、《秘境深处益日寺》等数篇。 | |
| 410 | 0 | @12001 @a西藏文化旅游丛书 |
| 606 | 0 | @a阿里地区@x地方史@x史料 |
| 690 | @aK297.52@v4 | |
| 701 | 0 | @a古格·次仁加布@Agu ge·ci ren jia bu@4编著 |
| 801 | 0 | @aCN@bQSSK@c20051007 |
| 905 | @a10447@dK297.52@eG443 | |
| 阿里史话/古格·次仁加布编著.-拉萨:西藏人民出版社,2003.03 |
| 176页, [4] 页图版:彩图;19cm.-(西藏文化旅游丛书) |
| ISBN 7-223-01492-X:CNY11.00 |
| 本书收入的文章有《阿里史话》、《浅析拉喇嘛益西维在噶罗被害真伪》、《雪山明珠普日寺》、《秘境深处益日寺》等数篇。 |
| ● |
| 相关链接 |
|
|
|
正题名:阿里史话
索取号:K297.52/G443
 
预约/预借
| 序号 | 登录号 | 条形码 | 馆藏地/架位号 | 状态 | 备注 |
| 1 | 573681 | 205736818 | 社科库309/309社科库 39排4列6层/ [索取号:K297.52/G443] | 在馆 | |
| 2 | 573682 | 205736827 | 社科库309/309社科库 39排4列6层/ [索取号:K297.52/G443] | 在馆 | |
| 3 | 573683 | 205736836 | 社科库309/309社科库 39排4列6层/ [索取号:K297.52/G443] | 在馆 |